[Event "CZE-chT2E 1112"]
[Site "Czech Republic"]
[Date "2012.02.05"]
[Round "7.8"]
[White "Cervenka, Emil"]
[Black "Petrik, Petr"]
[Result "0-1"]
[WhiteElo "1810"]
[BlackElo "1953"]
[PlyCount "92"]
[EventDate "2011.10.09"]
[EventType "team-tourn"]
[EventRounds "11"]
[EventCountry "CZE"]
[SourceTitle "EXT 2013"]
[Source "ChessBase"]
[SourceDate "2012.11.22"]
[SourceVersion "1"]
[SourceVersionDate "2012.11.22"]
[SourceQuality "1"]
[WhiteTeam "Hostalkova"]
[BlackTeam "Kromeriz II"]
[WhiteTeamCountry "CZE"]
[BlackTeamCountry "CZE"]

1. e4 c5 2. Nf3 Nc6 3. d4 cxd4 4. Nxd4 g6 5. Bc4 Bg7 6. Nxc6 bxc6 7. 0-0 a5 8. a4 Ba6 9. Bxa6 Rxa6 10. Qd3 Ra8 11. Nc3 Rb8 12. Rb1 Qc7 13. Be3 Nf6 14. f3 0-0 15. Ne2 Rfd8 16. c3 d5 17. Qc2 c5 18. exd5 Nxd5 19. Bf2 Qc6 20. Rfe1 Rd7 21. Ng3 f5 22. Ne2 e5 23. Red1 c4 24. Rd2 Bh6 25. f4 Bxf4 26. Nxf4 Nxf4 27. Be3 Nd3 28. b4 f4 29. b5 Qe6 30. Bf2 Rbd8 31. Re2 Qg4 32. h3 Qf5 33. Rf1 g5 34. Bb6 Ra8 35. Qa2 Qe6 36. Bd4 Qd5 37. Bf2 h5 38. Rd2 g4 39. hxg4 hxg4 40. Bb6 Rb8 41. Bxa5 Qc5+ 42. Rff2 g3 43. Bb4 gxf2+ 44. Kf1 Qd5 45. Rxd3 Qxd3+ 46. Kxf2 Qe3+ 0-1